| 000 | 00463nam a2200169Ia 4500 | ||
|---|---|---|---|
| 005 | 20250423095619.0 | ||
| 008 | 250422s9999 xx 000 0 und d | ||
| 020 | _a0- 425- 12344- 8 | ||
| 050 | _aE 842.9 .G75/ | ||
| 100 | _aGroden, Robert J. | ||
| 245 | 0 | _aHigh treason : the assassination of president John F. Kennedy and the new evidence of conspiracy | |
| 260 | _aNew York | ||
| 260 | _bBerkley Pub. | ||
| 260 | _c1990 | ||
| 300 | _a562 p | ||
| 942 | _cBK | ||
| 999 |
_c30805 _d30805 |
||